| 000 | 00947nam a2200277Ia 4500 | ||
|---|---|---|---|
| 005 | 20220317001117.0 | ||
| 008 | 160825s9999 xx 000 0 und d | ||
| 020 | _a9588109175 | ||
| 100 | 1 |
_aAristizábal Gáfaro, Jorge _d1964- |
|
| 245 | 1 | 0 |
_aGrammatical psycho _cJorge Aristizábal Gáfaro |
| 250 | _a1a. edición | ||
| 300 |
_a113 páginas _c21 cm |
||
| 521 | _aRecomendado para adultos | ||
| 650 | 1 | 4 |
_2LEMB _aCuentos infantiles colombianos _ySiglo XX |
| 650 | 1 | 4 |
_2LEMB _aLiteratura infantil colombiana _ySiglo XX |
| 650 | 1 | 4 |
_2LEMB _aVenganza en la literatura |
| 650 | 1 | 4 |
_2LEMB _aEmociones en la literatura |
| 650 | 1 | 4 |
_2LEMB _aIdentidad sexual en la literatura |
| 942 |
_2loc _cBKINF |
||
| 264 |
_aBogotá _bInstituto Distrital de Cultura _c2001 |
||
| 336 |
_atexto _btxt _2rdacontent |
||
| 337 |
_asin mediación _bn _2rdamedia |
||
| 338 |
_avolumen _bnc _2rdacarrier |
||
| 040 |
_aCO-BoRNBP _bspa _erda _cCO-BoRNBP |
||
| 084 | _aC ARI2 | ||
| 999 |
_c5959 _d5959 |
||